Crimen y castigo; tomo i /
Guardado en:
| Autor Principal: | |
|---|---|
| Formato: | Libro |
| Publicado: |
Buenos Aires :
Centro Editor de América Latina,
1969
|
| Series: | Bibl. B sica Universal1
|
| Etiquetas: |
Agregar Etiqueta
Sin Etiquetas, Sea el primero en etiquetar este registro!
|
| LEADER | 00630nam a22001815a 4500 | ||
|---|---|---|---|
| 001 | CEM.cems002120 | ||
| 005 | 20060215000000.0 | ||
| 008 | 130507s1969##################000#0#####d | ||
| 003 | CEMS | ||
| 082 | 0 | 4 | |a 891.733 |
| 100 | 1 | |a Dostoievski, Fedor | |
| 245 | 1 | 0 | |a Crimen y castigo; tomo i / |
| 260 | |a Buenos Aires : |b Centro Editor de América Latina, |c 1969 | ||
| 300 | |a 278 p. | ||
| 490 | 0 | |a Bibl. B sica Universal1 | |
| 859 | |a CEMS |b BIB. CEMS - 11 de abril |h 891.733 |i D742-1/I |p 4332.75 |t Ej.1 | ||
| 859 | |a CEMS |b BIB. CEMS - 11 de abril |h 891.733 |i D742-1/I |p 4333.75 |t Ej.2 | ||
| 859 | |a CEMS |b BIB. CEMS - 11 de abril |h 891.733 |i D742-1/I |p 4334.75 |t Ej.3 | ||
